Nidos que arrullan : (Registro nro. 60763)
[ vista simple ]
| 000 -CABECERA | |
|---|---|
| Longitud fija campo de control | 01316nam a2200325Ic 4500 |
| 003 - • IDENTIFICADOR DELl NÚMERO DE CONTROL | |
| Identificador del número de control | CO-BoRNBP |
| 005 - • FECHA Y HORA DE LA ÚLTIMA TRANSACCIÓN | |
| Fecha y hora de la última transacción | 20260317220919.0 |
| 007 - • CAMPO FIJO DE DESCRIPCIÓN FÍSICA | |
| Campo fijo de descripción física | ta |
| 008 - • CÓDIGOS DE INFORMACIÓN DE LONGITUD FIJA | |
| Códigos de información de longitud fija | 200115s2019 ck 000 0 spa d |
| 020 ## - • NÚMERO INTERNACIONAL NORMALIZADO PARA LIBROS | |
| Número Internacional Normalizado para Libros (ISBN) | 9789585241022 |
| 040 ## - FUENTE DE LA CATALOGACIÓN | |
| Centro catalogador de origen | CO-BoRNBP |
| Lengua de catalogación | spa |
| Normas de descripción | rda |
| Centro transcriptor | CO-BoRNBP |
| 041 ## - • CÓDIGO DE LENGUA | |
| Código de lengua del texto/banda sonora o título independiente | spa |
| 084 ## - • Clasificación Local Alfanúmerica PNLB | |
| Número de clasificación | P |
| 245 00 - • TITULO PROPIAMENTE DICHO | |
| Título | Nidos que arrullan : |
| Resto del título | nanas, cantos y arrullos de América Latina / |
| Mención de responsabilidad, etc. | selección Cintia Roberts ; ilustraciones Laura Varsky ; música Teresa Usandivaras y Pablo Spiller ; voz invitada Laura Devetach. |
| 250 ## - • MENCIÓN DE EDICIÓN | |
| Mención de edición | Edición especial |
| 264 #1 - PRODUCCIÓN, PUBLICACIÓN , DISTRIBUCIÓN, FABRICACIÓN Y COPYRIGHT | |
| Lugar de producción, publicación, distribución, fabricación | Bogotá, Colombia : |
| Nombre del productor, editor, distribuidor, fabricante | AS Ediciones, |
| Fecha de de producción, publicación, distribución, fabricación o copyright | 2019 |
| 300 ## - • DESCRIPCIÓN FÍSICA | |
| Extensión | 43 páginas : |
| Otras características físicas | ilustraciones en color + |
| Material Anexo | 1 CD |
| 336 ## - TIPO DE CONTENIDO | |
| Fuente | rdacontent |
| Término de tipo de contenido | texto |
| Código de tipo de contenido | txt |
| 337 ## - TIPO DE MEDIO | |
| Fuente | rdamedia |
| Nombre del tipo de medio | sin mediación |
| Código del tipo de medio | n |
| 338 ## - TIPO DE SOPORTE | |
| Fuente | rdacarrier |
| Nombre del tipo de soporte | volumen |
| Código del tipo de soporte | nc |
| 490 0# - • MENCIÓN DE SERIE | |
| Mención de serie | Plan Nacional de Lectura y Escritura Leer es mi cuento / Ministerio de Cultura |
| 500 ## - • NOTA GENERAL | |
| Nota general | Incluye CD con música Teresa Usandivaras y Pablo Spiller |
| 650 07 - • PUNTO DE ACCESO ADICIONAL DE MATERIA - TÉRMINO DE MATERIA | |
| Término de materia o nombre geográfico como elemento inicial | Canciones de cuna |
| Subdivisión de forma | Colecciones |
| Fuente del encabezamiento o término | lemb |
| 650 17 - • PUNTO DE ACCESO ADICIONAL DE MATERIA - TÉRMINO DE MATERIA | |
| Término de materia o nombre geográfico como elemento inicial | Canciones Latinoamericanas |
| Subdivisión de forma | Colecciones |
| Fuente del encabezamiento o término | lemb |
| 650 17 - • PUNTO DE ACCESO ADICIONAL DE MATERIA - TÉRMINO DE MATERIA | |
| Término de materia o nombre geográfico como elemento inicial | Poesía infantil latinoamericana |
| Subdivisión de forma | Colecciones |
| Fuente del encabezamiento o término | rnbp |
| 650 17 - • PUNTO DE ACCESO ADICIONAL DE MATERIA - TÉRMINO DE MATERIA | |
| Término de materia o nombre geográfico como elemento inicial | Tradición oral latinoamericana |
| Subdivisión de forma | Colecciones |
| Fuente del encabezamiento o término | lemb |
| 700 10 - • PUNTO DE ACCESO ADICIONAL - NOMBRE DE PERSONA | |
| Nombre de persona | Varsky, Laura |
| Término indicativo de función | ill |
| 942 ## - ENTRADA DE ELEMENTOS AGREGADOS (KOHA) | |
| Fuente de clasificaión o esquema | |
| Koha [por defecto] tipo de item | Libro Infantil |
No hay ítems disponibles.